Correspondecia de los prebendados de la Iglesia Catedral, al Obispo de Puebla justificando la retención de sus prebendas

Detalles Bibliográficos
Formato: Libro
Publicado: s.l., s.f.
Materias:
Colección:Banco de datos
Acervo:Biblioteca Palafoxiana. Colección de Manuscritos
Descripción Física:3 f. ; 31 x 21 cm.
Tema general:Eclesiástica
LEADER 00426nam a22001330004500
035 |a 335 
245 1 0 |a Correspondecia de los prebendados de la Iglesia Catedral, al Obispo de Puebla justificando la retención de sus prebendas 
260 |a s.l., s.f. 
300 |a 3 f. ; 31 x 21 cm. 
650 1 0 |a Eclesiástica 
949 |a 19344/012 
942 |c PALAMANU 
943 |g Biblioteca Palafoxiana. Colección de Manuscritos 
999 |c 1068280  |d 1068280